000 00358nam a2200157Ia 4500
008 210210b1954 xxu||||| |||| 00| 0 eng d
041 _aeng
082 _a828/489
100 _aPEARSON (Hesketh)
245 _aWalter Scott
260 _aLondon
_bMethuen & Co Ltd.
_c1954
650 _aWalter
650 _aScott
690 _aBiography
906 _a016333
999 _c135836
_d135836